Eastern Utah Libraries Catalog: Duchesne, Heber, Roosevelt, & Vernal

North American Indian / (Record no. 16357)

MARC details
000 -LEADER
fixed length control field 01245cam a2200373 a 4500
003 - CONTROL NUMBER IDENTIFIER
control field OCoLC
005 - DATE AND TIME OF LATEST TRANSACTION
control field 20241220110807.0
008 - FIXED-LENGTH DATA ELEMENTS--GENERAL INFORMATION
fixed length control field 940901s1995 nyua j 001 0 eng
001 - CONTROL NUMBER
control field 31206816
010 ## - LIBRARY OF CONGRESS CONTROL NUMBER
LC control number 94036193 /AC
020 ## - INTERNATIONAL STANDARD BOOK NUMBER
International Standard Book Number 0679861696 :
Terms of availability $17.00
020 ## - INTERNATIONAL STANDARD BOOK NUMBER
International Standard Book Number 0679961690 (lib. bdg.) :
Terms of availability $17.99
035 ## - SYSTEM CONTROL NUMBER
System control number (Sirsi) i9780679861690
040 ## - CATALOGING SOURCE
Original cataloging agency DLC
Transcribing agency DLC
043 ## - GEOGRAPHIC AREA CODE
Geographic area code n------
049 ## - LOCAL HOLDINGS (OCLC)
Holding library GZDA
082 00 - DEWEY DECIMAL CLASSIFICATION NUMBER
Classification number 970.004/97
Edition number 20
082 ## - DEWEY DECIMAL CLASSIFICATION NUMBER
Classification number 970.1 EYE
092 ## - LOCALLY ASSIGNED DEWEY CALL NUMBER (OCLC)
Classification number 970.1 EYE
100 1# - MAIN ENTRY--PERSONAL NAME
Personal name Murdoch, David Hamilton,
Dates associated with a name 1937-
9 (RLIN) 4531
245 10 - TITLE STATEMENT
Title North American Indian /
Statement of responsibility, etc written by David Murdoch ; chief consultant, Stanley A. Freed ; photographed by Lynton Gardiner.
250 ## - EDITION STATEMENT
Edition statement 1st American ed.
260 ## - PUBLICATION, DISTRIBUTION, ETC. (IMPRINT)
Place of publication, distribution, etc New York :
Name of publisher, distributor, etc Knopf in association with the American Museum of Natural History :
-- Distributed by Random House,
Date of publication, distribution, etc 1995.
300 ## - PHYSICAL DESCRIPTION
Extent 62 p. :
Other physical details col. ill. ;
Dimensions 30 cm.
490 0# - SERIES STATEMENT
Series statement Eyewitness books
500 ## - GENERAL NOTE
General note "A Dorling Kindersley book"--T.p. verso.
500 ## - GENERAL NOTE
General note Includes index.
650 #0 - SUBJECT ADDED ENTRY--TOPICAL TERM
Topical term or geographic name as entry element Indians of North America
Form subdivision Juvenile literature.
9 (RLIN) 5733691
650 #0 - SUBJECT ADDED ENTRY--TOPICAL TERM
Topical term or geographic name as entry element Indians of North America.
9 (RLIN) 6112810
700 1# - ADDED ENTRY--PERSONAL NAME
Personal name Gardiner, Lynton,
9 (RLIN) 31746
942 ## - ADDED ENTRY ELEMENTS (KOHA)
Koha item type BOOK
979 ## -
-- 336587
998 ## - LOCAL CONTROL INFORMATION (RLIN)
-- a32714
Holdings
Withdrawn status Lost status Source of classification or shelving scheme Damaged status Not for loan Collection code Home library Current library Shelving location Date acquired Cost, normal purchase price Total Checkouts Total Renewals Full call number Barcode Date last seen Date checked out Cost, replacement price Price effective from Koha item type
    Dewey Decimal Classification     Junior NonFiction Wasatch County Library Wasatch County Library Second Floor 12/09/1999 19.00 46 15 J 031 Eye 34301000248015 02/02/2026 01/31/2025 19.00 03/20/2020 BOOK
This project was made possible through a grant from the Institute of Museum and Library Service administered by the Utah State Library Division.

Wasatch County Library

  • 465 East 1200 South, Heber City, Utah 84032
  • Phone 435-654-1511 | Fax 435-654-6456

Hours

  • Monday - Friday 9:30 AM - 8:00 PM
  • Saturday 9:30 AM - 1:30 PM
  • Closed Sundays and Holidays